Naučte se čarovat, aneb, Kouzla a čáry pro každého

Bibliographic Details
Main Author: Kožíšek, Pavel, 1970- (Author)
Other Authors: Hatašová, Lenka (Photographer)
Format: Book
Language:Czech
PhysicalDescription:61 s. fareb. fotogr. 26 cm
Published: Praha Albatros 2001
ISBN:800000996X
Edition:1. vyd.
Subjects:

MARC

LEADER 00000nam a2200000 a 4500
001 vtls001484301
003 SK-MaSNL
005 20260301163917.0
008 240313s2001 xr a cze
020 |a 800000996X 
035 |a SNK000439595 
035 |a urn:nbn:sk:snk-amlsab 
035 |a urn:nbn:sk:snk-am00c9oa 
035 |a 6207A1ED-CB31-478E-A81A-662B227978DC 
040 |a SNK  |b slo  |c SNK  |e AACR2 
041 0 |a cze 
044 |a CZ 
072 7 |a 793  |x Spoločenské zábavy  |2 konspekt 
080 |a 793.8  |2 1981 
080 |a (035)  |2 1981 
100 1 |a Kožíšek, Pavel,  |d 1970-  |4 aut  |9 109001 
245 1 |a Naučte se čarovat, aneb, Kouzla a čáry pro každého  |c Pavel Kožíšek ; [fotografie: Lenka Hatašová] 
250 |a 1. vyd. 
260 |a Praha  |b Albatros  |c 2001  |e Martin  |f Neografia 
300 |a 61 s.  |b fareb. fotogr.  |c 26 cm 
650 0 7 |a kúzla  |2 SNKPH  |9 3314 
655 7 |a príručky  |2 SNKPH  |9 74364 
700 1 |a Hatašová, Lenka  |4 pht  |9 44159 
919 |a 80-00-00996-X 
999 |c 818713  |d 820643 
952 |t P60, <03>, [BOOK], {603}  |a SNK  |b SNK  |y PREZ  |7 0  |p 17A0449733  |o snkSB 69546  |i snkD 1550/2004  |0 0  |1 0  |4 0  |d 2004-10-27  |f 1  |l 0  |r 2025-04-23 00:00:00  |w 2026-02-24